000 00303nam a22001457a 4500
008 210310b ||||| |||| 00| 0 eng d
020 _a9780070450479
041 _aeng
080 _a004
082 _a004
100 _a28
101 _aSHKI
245 _aHands-On ATM
_cDysan,D.E
942 _2udc
_cBK
999 _c56183
_d56183